វេទមន្តព្រះគោ ( ភាគបញ្ចប់ ) : (Record no. 8598)

MARC details
000 -LEADER
fixed length control field 03432nam a22003137a 4500
001 - CONTROL NUMBER
control field 8598
003 - CONTROL NUMBER IDENTIFIER
control field FISKH
005 - DATE AND TIME OF LATEST TRANSACTION
control field 20251007122042.0
008 - FIXED-LENGTH DATA ELEMENTS--GENERAL INFORMATION
fixed length control field 251002b cb ||||| |||| 00| 0 eng d
020 ## - INTERNATIONAL STANDARD BOOK NUMBER
International Standard Book Number 9789995099817
040 ## - CATALOGING SOURCE
Original cataloging agency FISKH
Language of cataloging khr
Transcribing agency FISKH
Modifying agency FISKH
050 ## - LIBRARY OF CONGRESS CALL NUMBER
Classification number PZ7
082 ## - DEWEY DECIMAL CLASSIFICATION NUMBER
Classification number 900
100 ## - MAIN ENTRY--PERSONAL NAME
Personal name Sotheary, Kimsun
245 ## - TITLE STATEMENT
Title វេទមន្តព្រះគោ ( ភាគបញ្ចប់ ) :
Remainder of title Magic of Preah Kor /
Statement of responsibility, etc. រៀបរៀងដោយ គឹមស៊ុន សុធារី
260 ## - PUBLICATION, DISTRIBUTION, ETC.
Place of publication, distribution, etc. Phnom Penh :
Name of publisher, distributor, etc. Reading Books ,
Date of publication, distribution, etc. 2009.
300 ## - PHYSICAL DESCRIPTION
Extent 32 pages :
Other physical details color illustrations ;
Dimensions 25 cm.
490 ## - SERIES STATEMENT
Series statement ពិភពរឿងនិទាន
505 ## - FORMATTED CONTENTS NOTE
Formatted contents note P <br/>
520 ## - SUMMARY, ETC.
Summary, etc. ព្រះកែវនិងនាងពៅបានយកមាន់ជល់ទៅថ្វាយបិតាដើម្បីប្រកួតជាមួយស្តេចសៀម​។ ខ្មែរបានឈ្នះការប្រកួត ។ ស្តេចសៀមមិនសុខចិត្តក៏បញ្ជាអោយមានការប្រកួតជល់ដំរី ។ ជាចុងក្រោយក៏មានការប្រកួតជល់គោ ។ សៀមប្រើគោយន្តមកជល់ជាមួយព្រះគោ ។ ដោយដឺងថាមិនអាចឈ្នះ នាងពៅនិងព្រះកែវក៏តោងកន្ទុយព្រះគោ រួចហោះទៅលើមេឃ ។ ជាអកុសលនាងពៅធ្លាក់ហើយក៏សុគត ។​ ចំណែកព្រះគោនិងព្រះកែវនៅតែបន្តគេចខ្លួន ពីកន្លែងមួយទៅកន្លែងមួយរហូតអស់កំលាំងនិងវង្វេងផ្លូវត្រូវបានទ័ពសៀមចាប់យកទៅ ស្រុកសៀមហើយគោរពបូជា ព្រះគោនិងព្រះកែវ ទុកជាទីសក្ការះ ដូច្នេះហើយបានជាប្រជាជនសៀមមិនបរិភោគសាច់គោរហូតដល់សព្វថ្ងៃនេះ ។​ បកជាអង់គ្លេស
520 ## - SUMMARY, ETC.
Summary, etc. Preah Keo and Neang Pov went into the royal palace and offered the cock to her father for fighting with Siam king . The Khmer won the competition. The Siam king, dissatisfied with the result, ordered a royal elephant battle to take place. Eventually, there was even a contest involving sacred ox. The Siam used a tractor (modern machinery) to compete against the sacred ox.<br/>Realizing they could not win, Neang Pov and Preah Kaew held onto the tail of the sacred ox and flew into the sky. Unfortunately, Neang Pov fell and died. As for the sacred ox and Preah Kaew, they continued fleeing from place to place until they were exhausted and lost their way. Eventually, they were captured by the Siamese soldiers and taken to Siam.<br/>There, the sacred ox and Preah Kaew were worshipped and revered as sacred beings. This is why, even today, the Siamese people do not eat beef.
521 8# - TARGET AUDIENCE NOTE
Target audience note 650 <br/>
Source Lexile estimate <br/>
521 8# - TARGET AUDIENCE NOTE
Target audience note P <br/>
Source Raz-Plus <br/>
650 ## - SUBJECT ADDED ENTRY--TOPICAL TERM
Topical term or geographic name entry element វេទមន្តព្រះគោ
650 ## - SUBJECT ADDED ENTRY--TOPICAL TERM
Topical term or geographic name entry element Magic of Preah Kor
700 ## - ADDED ENTRY--PERSONAL NAME
Personal name Kakada, Soeurm
Relator term Illustrator
942 ## - ADDED ENTRY ELEMENTS (KOHA)
Source of classification or shelving scheme Dewey Decimal Classification
Koha item type Khmer Books
Suppress in OPAC No
Holdings
Withdrawn status Lost status Source of classification or shelving scheme Damaged status Not for loan Collection Home library Current library Shelving location Date acquired Total Checkouts Full call number Barcode Date due Date last seen Date last checked out Copy number Price effective from Koha item type
    Dewey Decimal Classification     Khmer-English Bilingual / ភាសាខ្មែរ-អង់គ្លេស Footprints International School Library Network Toul Tom Poung Campus Footprints International School Library Network Toul Kork Campus TTP Primary Khmer Bookshelves 10/02/2025 1 SOT PZ7 900 2025-4471 05/08/2026 04/24/2026 04/24/2026 1 10/02/2025 Khmer Books
    Dewey Decimal Classification     Khmer-English Bilingual / ភាសាខ្មែរ-អង់គ្លេស Footprints International School Library Network Toul Tom Poung Campus Footprints International School Library Network Toul Tom Poung Campus TTP Primary Khmer Bookshelves 10/03/2025 1 SOT PZ7 900 FIS04997   03/31/2026 03/02/2026 2 10/03/2025 Khmer Books